[Event "Summer Prague Open 2022 - A"]
[Site "Olympik hotel, Sokolovska 138, Praha"]
[Date "2022.08.09"]
[Round "6"]
[Board "13"]
[White "Svatos, Jan"]
[Black "Pap, Gyula"]
[Result "1/2-1/2"]
[WhiteElo "2185"]
[BlackElo "2481"]
[PlyCount "0"]
[EventDate "2022.08.05"]
[EventRounds "9"]
[EventCountry "CZE"]

1. e4 {[%clk 1:30:56]} c6 {[%clk 1:30:53]} 2. d4 {[%clk 1:31:22]} d5
{[%clk 1:31:15]} 3. Nc3 {[%clk 1:31:48]} dxe4 {[%clk 1:31:25]} 4. Nxe4
{[%clk 1:32:11]} Nf6 {[%clk 1:31:45]} 5. Nxf6+ {[%clk 1:32:36]} exf6
{[%clk 1:32:05]} 6. Nf3 {[%clk 1:33:01]} Bd6 {[%clk 1:31:23]} 7. Bd3
{[%clk 1:33:26]} O-O {[%clk 1:31:25]} 8. O-O {[%clk 1:33:49]} Bg4
{[%clk 1:27:47]} 9. h3 {[%clk 1:34:12]} Bh5 {[%clk 1:23:34]} 10. Re1
{[%clk 1:34:18]} Bc7 {[%clk 1:21:24]} 11. c3 {[%clk 1:32:59]} Nd7
{[%clk 1:15:49]} 12. Bf5 {[%clk 0:59:42]} Nb6 {[%clk 1:07:12]} 13. Qd3
{[%clk 0:58:56]} Kh8 {[%clk 1:06:00]} 14. Re4 {[%clk 0:37:11]} Re8
{[%clk 0:58:08]} 15. Rxe8+ {[%clk 0:23:56]} Qxe8 {[%clk 0:58:29]} 16. Bd2
{[%clk 0:23:16]} Qf8 {[%clk 0:53:22]} 17. Re1 {[%clk 0:21:35]} Qd6
{[%clk 0:53:12]} 18. g4 {[%clk 0:05:17]} Bg6 {[%clk 0:52:25]} 19. Qe4
{[%clk 0:05:33]} Bxf5 {[%clk 0:31:39]} 20. Qe8+ {[%clk 0:03:31]} Qf8
{[%clk 0:31:45]} 21. Qxf8+ {[%clk 0:03:59]} Rxf8 {[%clk 0:32:07]} 22. gxf5
{[%clk 0:04:27]} Rd8 {[%clk 0:28:09]} 23. b3 {[%clk 0:04:23]} Kg8
{[%clk 0:26:07]} 24. c4 {[%clk 0:04:38]} Nc8 {[%clk 0:25:15]} 25. Bb4
{[%clk 0:01:41]} a5 {[%clk 0:17:24]} 26. Bc5 {[%clk 0:01:02]} Bd6
{[%clk 0:12:00]} 27. Bxd6 {[%clk 0:01:18]} Nxd6 {[%clk 0:12:23]} 28. Re7
{[%clk 0:01:39]} Kf8 {[%clk 0:11:09]} 29. Rc7 {[%clk 0:02:03]} Rb8
{[%clk 0:11:08]} 30. d5 {[%clk 0:02:04]} cxd5 {[%clk 0:10:10]} 31. cxd5
{[%clk 0:02:29]} Nxf5 {[%clk 0:05:53]} 32. Nd2 {[%clk 0:02:39]} b5
{[%clk 0:03:24]} 33. Ne4 {[%clk 0:02:31]} Rd8 {[%clk 0:03:03]} 34. Rc5
{[%clk 0:02:47]} Nd4 {[%clk 0:02:50]} 35. a4 {[%clk 0:02:55]} f5 {[%clk 0:01:52]}
36. Nd2 {[%clk 0:03:17]} bxa4 {[%clk 0:01:13]} 37. bxa4 {[%clk 0:03:45]} Ne2+
{[%clk 0:01:00]} 38. Kh2 {[%clk 0:02:52]} Nf4 {[%clk 0:01:05]} 39. Rxa5
{[%clk 0:02:04]} Nxd5 {[%clk 0:01:25]} 40. Ra7 {[%clk 0:01:10]} Rc8
{[%clk 0:00:38]} 41. Nf3 {[%clk 0:28:08]} Rc2 {[%clk 0:28:18]}  1/2-1/2

[Event "Summer Prague Open 2022 - A"]
[Site "Olympik hotel, Sokolovska 138, Praha"]
[Date "2022.08.09"]
[Round "6"]
[Board "14"]
[White "Kaspi, Alexander"]
[Black "Kanakova, Natalie"]
[Result "1-0"]
[WhiteElo "2412"]
[BlackElo "2171"]
[PlyCount "0"]
[EventDate "2022.08.05"]
[EventRounds "9"]
[EventCountry "CZE"]

1. c4 {[%clk 1:30:56]} c5 {[%clk 1:30:15]} 2. Nc3 {[%clk 1:31:19]} g6
{[%clk 1:29:24]} 3. g3 {[%clk 1:31:25]} Bg7 {[%clk 1:29:27]} 4. Bg2
{[%clk 1:31:48]} Nc6 {[%clk 1:29:25]} 5. d3 {[%clk 1:32:11]} e5 {[%clk 1:29:13]}
6. e3 {[%clk 1:31:59]} Nge7 {[%clk 1:28:49]} 7. Nge2 {[%clk 1:32:21]} O-O
{[%clk 1:28:38]} 8. a3 {[%clk 1:32:46]} a5 {[%clk 1:25:42]} 9. O-O
{[%clk 1:32:55]} d6 {[%clk 1:25:35]} 10. Rb1 {[%clk 1:33:08]} Rb8
{[%clk 1:23:33]} 11. Bd2 {[%clk 1:25:28]} Be6 {[%clk 1:22:36]} 12. e4
{[%clk 1:25:13]} f5 {[%clk 1:20:19]} 13. Nd5 {[%clk 1:11:26]} Bf7
{[%clk 1:02:47]} 14. Bg5 {[%clk 0:59:14]} h6 {[%clk 0:59:50]} 15. Bxe7
{[%clk 0:59:12]} Nxe7 {[%clk 1:00:13]} 16. Nxe7+ {[%clk 0:59:35]} Qxe7
{[%clk 1:00:38]} 17. Nc3 {[%clk 0:59:56]} f4 {[%clk 0:55:34]} 18. b4
{[%clk 0:54:56]} cxb4 {[%clk 0:49:59]} 19. axb4 {[%clk 0:53:08]} b6
{[%clk 0:49:41]} 20. Bh3 {[%clk 0:40:51]} h5 {[%clk 0:43:47]} 21. Nd5
{[%clk 0:37:54]} Qd8 {[%clk 0:38:14]} 22. Qa4 {[%clk 0:32:02]} Be8
{[%clk 0:35:49]} 23. Qa2 {[%clk 0:32:16]} Bd7 {[%clk 0:21:35]} 24. Bxd7
{[%clk 0:31:35]} Qxd7 {[%clk 0:22:02]} 25. f3 {[%clk 0:30:50]} fxg3
{[%clk 0:20:28]} 26. hxg3 {[%clk 0:31:10]} Qh3 {[%clk 0:20:33]} 27. Qg2
{[%clk 0:31:12]} Qd7 {[%clk 0:20:37]} 28. Kh2 {[%clk 0:31:21]} Kh7
{[%clk 0:19:37]} 29. Qh3 {[%clk 0:28:19]} Qa4 {[%clk 0:18:11]} 30. Qg2
{[%clk 0:26:50]} Qd7 {[%clk 0:16:30]} 31. Qa2 {[%clk 0:24:50]} Qa7
{[%clk 0:15:09]} 32. Kg2 {[%clk 0:24:24]} Ra8 {[%clk 0:13:45]} 33. Ra1
{[%clk 0:20:02]} Rfb8 {[%clk 0:12:09]} 34. Qa4 {[%clk 0:17:23]} Bf8
{[%clk 0:08:43]} 35. Qc6 {[%clk 0:15:48]} Qb7 {[%clk 0:06:35]} 36. Qxb7+
{[%clk 0:15:51]} Rxb7 {[%clk 0:07:01]} 37. Rf2 {[%clk 0:15:58]} Be7
{[%clk 0:04:20]} 38. Rb2 {[%clk 0:15:25]} Bd8 {[%clk 0:03:34]} 39. Kf2
{[%clk 0:11:46]} Rf7 {[%clk 0:02:14]} 40. Ke2 {[%clk 0:11:51]} Kg7
{[%clk 0:02:12]} 41. Ke3 {[%clk 0:05:59]} g5 {[%clk 0:29:24]} 42. f4
{[%clk 0:33:55]} exf4+ {[%clk 0:28:51]} 43. gxf4 {[%clk 0:34:20]} gxf4+
{[%clk 0:29:07]} 44. Kf3 {[%clk 0:34:45]} Kh6 {[%clk 0:28:15]} 45. Rg2
{[%clk 0:34:54]} Raa7 {[%clk 0:21:01]} 46. Rg8 {[%clk 0:26:15]} Bh4
{[%clk 0:06:35]} 47. b5 {[%clk 0:21:27]} Rab7 {[%clk 0:05:36]} 48. Rh1
{[%clk 0:21:36]} Bg5 {[%clk 0:01:58]} 49. d4 {[%clk 0:20:12]} h4 {[%clk 0:01:56]}
50. e5 {[%clk 0:20:26]} dxe5 {[%clk 0:02:12]} 51. dxe5 {[%clk 0:20:50]} Rg7
{[%clk 0:02:19]} 52. Rc8 {[%clk 0:20:45]} Kg6 {[%clk 0:02:09]} 53. Ke4
{[%clk 0:20:40]} f3 {[%clk 0:00:41]} 54. Rc6+ {[%clk 0:20:53]} Kh5
{[%clk 0:01:01]} 55. Kxf3 {[%clk 0:18:03]} Rgf7+ {[%clk 0:01:24]} 56. Ke4
{[%clk 0:18:23]} Rf2 {[%clk 0:01:39]} 57. e6 {[%clk 0:17:45]} Re2+
{[%clk 0:01:27]} 58. Kf5 {[%clk 0:18:07]} Rf2+ {[%clk 0:01:01]} 59. Ke5
{[%clk 0:18:30]} Be7 {[%clk 0:00:54]} 60. Nxe7 {[%clk 0:18:04]} Rxe7
{[%clk 0:01:20]} 61. Rxb6 {[%clk 0:16:51]} Re2+ {[%clk 0:00:57]} 62. Kf6
{[%clk 0:17:13]} Rh7 {[%clk 0:01:21]} 63. Rd6 {[%clk 0:16:15]} Kg4
{[%clk 0:00:55]} 64. b6 {[%clk 0:15:25]} h3 {[%clk 0:01:10]} 65. Rd4+
{[%clk 0:14:43]} Kg3 {[%clk 0:00:43]} 66. Rd3+ {[%clk 0:15:07]} Kg2
{[%clk 0:01:06]} 67. Rdxh3 {[%clk 0:15:14]} Rxh3 {[%clk 0:01:07]} 68. Rxh3
{[%clk 0:15:38]} Kxh3 {[%clk 0:01:34]} 69. e7 {[%clk 0:15:50]} Rf2+
{[%clk 0:01:29]} 70. Ke6 {[%clk 0:16:13]} a4 {[%clk 0:00:56]} 71. b7
{[%clk 0:16:37]} a3 {[%clk 0:00:39]} 72. b8=Q {[%clk 0:16:59]} a2
{[%clk 0:00:57]} 73. Qh8+ {[%clk 0:17:23]} Kg2 {[%clk 0:01:16]} 74. e8=Q
{[%clk 0:17:44]} Re2+ {[%clk 0:01:31]} 75. Kd7 {[%clk 0:18:08]} Rxe8
{[%clk 0:01:55]} 76. Kxe8 {[%clk 0:18:32]}  1-0

[Event "Summer Prague Open 2022 - A"]
[Site "Olympik hotel, Sokolovska 138, Praha"]
[Date "2022.08.09"]
[Round "6"]
[Board "16"]
[White "Seitz, Patrick"]
[Black "Meissner, Felix"]
[Result "0-1"]
[WhiteElo "2165"]
[BlackElo "2381"]
[PlyCount "0"]
[EventDate "2022.08.05"]
[EventRounds "9"]
[EventCountry "CZE"]

1. e4 {[%clk 1:30:58]} c5 {[%clk 1:21:57]} 2. Nf3 {[%clk 1:29:13]} d6
{[%clk 1:22:21]} 3. d4 {[%clk 1:29:35]} cxd4 {[%clk 1:22:46]} 4. Nxd4
{[%clk 1:30:02]} Nf6 {[%clk 1:23:11]} 5. Nc3 {[%clk 1:30:28]} a6 {[%clk 1:23:36]}
6. Rg1 {[%clk 1:30:52]} b5 {[%clk 1:22:36]} 7. g4 {[%clk 1:28:17]} Bb7
{[%clk 1:21:59]} 8. Bg2 {[%clk 1:27:43]} e6 {[%clk 1:21:41]} 9. g5
{[%clk 1:25:33]} Nfd7 {[%clk 1:21:57]} 10. h4 {[%clk 1:24:05]} b4
{[%clk 1:21:10]} 11. Nce2 {[%clk 1:16:50]} Nc5 {[%clk 1:21:25]} 12. Ng3
{[%clk 1:14:22]} Nbd7 {[%clk 1:18:49]} 13. h5 {[%clk 1:08:19]} Be7
{[%clk 1:14:57]} 14. f4 {[%clk 1:04:31]} h6 {[%clk 0:53:19]} 15. g6
{[%clk 1:00:41]} O-O {[%clk 0:35:36]} 16. gxf7+ {[%clk 0:48:35]} Rxf7
{[%clk 0:35:54]} 17. Be3 {[%clk 0:48:23]} Qa5 {[%clk 0:26:28]} 18. Nb3
{[%clk 0:43:05]} Qc7 {[%clk 0:23:26]} 19. Nxc5 {[%clk 0:41:01]} Nxc5
{[%clk 0:23:30]} 20. Qg4 {[%clk 0:19:42]} Bf6 {[%clk 0:17:33]} 21. O-O-O
{[%clk 0:16:47]} Rc8 {[%clk 0:16:05]} 22. Qe2 {[%clk 0:13:41]} Qa5
{[%clk 0:05:56]} 23. e5 {[%clk 0:11:13]} b3 {[%clk 0:05:04]}  0-1

[Event "Summer Prague Open 2022 - A"]
[Site "Olympik hotel, Sokolovska 138, Praha"]
[Date "2022.08.09"]
[Round "6"]
[Board "17"]
[White "Krivanek, Vladimir"]
[Black "Hrabusa, Matej"]
[Result "0-1"]
[WhiteElo "2152"]
[BlackElo "2354"]
[PlyCount "0"]
[EventDate "2022.08.05"]
[EventRounds "9"]
[EventCountry "CZE"]

1. e4 {[%clk 1:30:49]} c5 {[%clk 1:30:31]} 2. a3 {[%clk 1:30:58]} g6
{[%clk 1:28:50]} 3. Bc4 {[%clk 1:30:35]} Nc6 {[%clk 1:27:59]} 4. Nc3
{[%clk 1:30:18]} Bg7 {[%clk 1:27:13]} 5. d3 {[%clk 1:28:43]} e6 {[%clk 1:25:01]}
6. Ba2 {[%clk 1:28:15]} Nge7 {[%clk 1:24:47]} 7. h4 {[%clk 1:25:42]} h6
{[%clk 1:18:08]} 8. h5 {[%clk 1:19:42]} g5 {[%clk 1:18:28]} 9. f4
{[%clk 1:17:37]} gxf4 {[%clk 1:17:42]} 10. Bxf4 {[%clk 1:16:52]} d5
{[%clk 1:13:43]} 11. Qd2 {[%clk 1:05:28]} d4 {[%clk 1:08:02]} 12. Na4
{[%clk 0:58:56]} e5 {[%clk 1:02:44]} 13. Bg3 {[%clk 0:52:43]} Qd6
{[%clk 1:01:05]} 14. b4 {[%clk 0:48:33]} cxb4 {[%clk 0:59:35]} 15. Nb2
{[%clk 0:48:51]} bxa3 {[%clk 0:56:28]} 16. Nc4 {[%clk 0:49:03]} Qc5
{[%clk 0:52:46]} 17. Nxa3 {[%clk 0:43:37]} f5 {[%clk 0:46:25]} 18. Ne2
{[%clk 0:28:40]} Bf6 {[%clk 0:42:52]} 19. O-O {[%clk 0:22:06]} Bg5
{[%clk 0:41:42]} 20. Qd1 {[%clk 0:21:30]} Bd7 {[%clk 0:37:48]} 21. Qb1
{[%clk 0:15:45]} O-O-O {[%clk 0:35:04]} 22. Qb2 {[%clk 0:14:31]} fxe4
{[%clk 0:31:48]} 23. Rfb1 {[%clk 0:13:02]} b6 {[%clk 0:31:31]} 24. Bc4
{[%clk 0:10:54]} Rdf8 {[%clk 0:30:26]} 25. Nb5 {[%clk 0:10:47]} a5
{[%clk 0:28:26]} 26. Nd6+ {[%clk 0:10:27]} Qxd6 {[%clk 0:24:51]} 27. Qxb6
{[%clk 0:10:50]} Qc7 {[%clk 0:24:12]} 28. Qa6+ {[%clk 0:09:16]} Kd8
{[%clk 0:24:25]} 29. Qa8+ {[%clk 0:04:11]} Bc8 {[%clk 0:22:56]} 30. Rb5
{[%clk 0:03:02]} Be3+ {[%clk 0:21:35]} 31. Kh2 {[%clk 0:03:16]} Rf5
{[%clk 0:20:59]} 32. Bh4 {[%clk 0:02:33]} Rxh5 {[%clk 0:19:42]} 33. g3
{[%clk 0:02:44]} Rxh4+ {[%clk 0:18:13]} 34. gxh4 {[%clk 0:03:04]} Qd7
{[%clk 0:18:30]} 35. Raxa5 {[%clk 0:02:57]} Qh3#  0-1

[Event "Summer Prague Open 2022 - A"]
[Site "Olympik hotel, Sokolovska 138, Praha"]
[Date "2022.08.09"]
[Round "6"]
[Board "18"]
[White "Guz, Ari"]
[Black "Soural, Jan"]
[Result "1-0"]
[WhiteElo "2308"]
[BlackElo "2144"]
[PlyCount "0"]
[EventDate "2022.08.05"]
[EventRounds "9"]
[EventCountry "CZE"]

1. d4 {[%clk 1:30:42]} Nf6 {[%clk 1:30:50]} 2. Nc3 {[%clk 1:31:01]} d5
{[%clk 1:30:42]} 3. Bf4 {[%clk 1:31:22]} e6 {[%clk 1:23:39]} 4. Nb5
{[%clk 1:31:25]} Na6 {[%clk 1:23:41]} 5. e3 {[%clk 1:31:39]} c6 {[%clk 1:17:13]}
6. Nc3 {[%clk 1:32:02]} Bd6 {[%clk 1:15:04]} 7. Nf3 {[%clk 1:23:56]} Bxf4
{[%clk 1:12:57]} 8. exf4 {[%clk 1:24:23]} Qa5 {[%clk 1:09:07]} 9. Qd2
{[%clk 1:19:58]} b5 {[%clk 1:03:51]} 10. Bd3 {[%clk 1:15:34]} b4 {[%clk 0:57:25]}
11. Ne2 {[%clk 1:15:46]} c5 {[%clk 0:56:12]} 12. dxc5 {[%clk 1:14:09]} Nxc5
{[%clk 0:53:08]} 13. O-O {[%clk 1:14:29]} Nxd3 {[%clk 0:50:03]} 14. cxd3
{[%clk 1:13:05]} O-O {[%clk 0:47:36]} 15. a3 {[%clk 1:08:58]} Rb8
{[%clk 0:47:19]} 16. Ned4 {[%clk 1:08:35]} Bd7 {[%clk 0:45:07]} 17. b3
{[%clk 1:06:25]} Rfc8 {[%clk 0:36:47]} 18. axb4 {[%clk 1:06:13]} Qxb4
{[%clk 0:32:14]} 19. Qxb4 {[%clk 1:02:10]} Rxb4 {[%clk 0:32:38]} 20. Rxa7
{[%clk 1:02:34]} h6 {[%clk 0:32:29]} 21. g4 {[%clk 1:00:07]} g5 {[%clk 0:31:36]}
22. fxg5 {[%clk 0:59:33]} hxg5 {[%clk 0:31:59]} 23. h3 {[%clk 0:50:12]} Be8
{[%clk 0:08:41]} 24. Re1 {[%clk 0:47:58]} Nd7 {[%clk 0:09:01]} 25. Kg2
{[%clk 0:45:39]} Rc3 {[%clk 0:07:29]} 26. Nxe6 {[%clk 0:37:23]} fxe6
{[%clk 0:07:53]} 27. Rxe6 {[%clk 0:37:49]} Kf8 {[%clk 0:06:22]} 28. Nxg5
{[%clk 0:35:02]} Rxd3 {[%clk 0:05:37]} 29. f3 {[%clk 0:34:45]} Rbxb3
{[%clk 0:04:22]} 30. h4 {[%clk 0:35:03]} Re3 {[%clk 0:04:20]} 31. Rd6
{[%clk 0:34:45]} Ne5 {[%clk 0:00:54]} 32. Rf6+ {[%clk 0:26:55]} Kg8
{[%clk 0:00:49]} 33. Ne6 {[%clk 0:26:10]} Bf7 {[%clk 0:00:45]} 34. Ra8+
{[%clk 0:25:25]} Kh7 {[%clk 0:01:14]} 35. Ng5+ {[%clk 0:25:31]} Kg7
{[%clk 0:01:43]} 36. Rxf7+ {[%clk 0:25:49]} Nxf7 {[%clk 0:01:50]} 37. Ra7
{[%clk 0:26:17]} d4 {[%clk 0:01:23]} 38. Rxf7+ {[%clk 0:26:41]} Kg8
{[%clk 0:01:08]} 39. Rd7 {[%clk 0:26:47]} d3 {[%clk 0:00:58]} 40. h5
{[%clk 0:26:21]} Re2+ {[%clk 0:00:40]} 41. Kg3 {[%clk 0:26:44]} Rb5
{[%clk 0:13:23]} 42. Ne4 {[%clk 0:54:55]} Rb3 {[%clk 0:12:01]} 43. h6
{[%clk 0:48:48]} Kh8 {[%clk 0:11:01]} 44. Nf6 {[%clk 0:48:46]} Rb8
{[%clk 0:11:12]} 45. Rh7# {[%clk 0:49:09]}  1-0

[Event "Summer Prague Open 2022 - A"]
[Site "Olympik hotel, Sokolovska 138, Praha"]
[Date "2022.08.09"]
[Round "6"]
[Board "19"]
[White "Santagati, Alessandro"]
[Black "Saypuri, Srithan"]
[Result "1-0"]
[WhiteElo "2287"]
[BlackElo "2045"]
[PlyCount "0"]
[EventDate "2022.08.05"]
[EventRounds "9"]
[EventCountry "CZE"]

1. e4 {[%clk 1:30:56]} e5 {[%clk 1:30:35]} 2. Nf3 {[%clk 1:31:19]} Nf6
{[%clk 1:30:59]} 3. Nxe5 {[%clk 1:31:44]} d6 {[%clk 1:31:18]} 4. Nf3
{[%clk 1:32:06]} Nxe4 {[%clk 1:31:44]} 5. Nc3 {[%clk 1:32:32]} Nxc3
{[%clk 1:32:04]} 6. dxc3 {[%clk 1:32:56]} Be7 {[%clk 1:32:27]} 7. Be3
{[%clk 1:33:21]} Nc6 {[%clk 1:32:49]} 8. Qd2 {[%clk 1:33:42]} Be6
{[%clk 1:33:16]} 9. O-O-O {[%clk 1:34:02]} Qd7 {[%clk 1:33:42]} 10. Kb1
{[%clk 1:34:13]} a6 {[%clk 1:34:07]} 11. h4 {[%clk 1:34:35]} Bf6 {[%clk 1:32:02]}
12. Ng5 {[%clk 1:32:43]} Bxg5 {[%clk 1:32:14]} 13. hxg5 {[%clk 1:32:29]} O-O-O
{[%clk 1:32:36]} 14. Be2 {[%clk 1:23:19]} Rde8 {[%clk 1:20:32]} 15. Rh4
{[%clk 1:17:31]} f6 {[%clk 0:53:53]} 16. gxf6 {[%clk 1:14:00]} gxf6
{[%clk 0:54:19]} 17. Rdh1 {[%clk 1:10:55]} Ne5 {[%clk 0:51:28]} 18. b3
{[%clk 1:03:34]} Bf5 {[%clk 0:39:48]} 19. Qd5 {[%clk 0:42:49]} c5
{[%clk 0:17:22]} 20. Rd1 {[%clk 0:37:15]} Rd8 {[%clk 0:15:08]} 21. Ra4
{[%clk 0:25:47]} Be6 {[%clk 0:12:43]} 22. Qe4 {[%clk 0:25:53]} f5
{[%clk 0:09:45]} 23. Qf4 {[%clk 0:24:24]} Qc6 {[%clk 0:09:24]} 24. Qh6
{[%clk 0:22:28]} Bd5 {[%clk 0:06:27]} 25. f3 {[%clk 0:17:23]} Ng6
{[%clk 0:05:53]} 26. Qg5 {[%clk 0:12:28]} Be6 {[%clk 0:05:22]} 27. Qf6
{[%clk 0:12:44]} Rhe8 {[%clk 0:05:20]} 28. Bd3 {[%clk 0:11:50]} Rd7
{[%clk 0:05:06]} 29. Bf2 {[%clk 0:09:47]} Rf7 {[%clk 0:04:16]} 30. Qg5
{[%clk 0:10:02]} b5 {[%clk 0:03:01]} 31. Ra5 {[%clk 0:09:52]} c4 {[%clk 0:02:45]}
32. bxc4 {[%clk 0:06:32]} Ne5 {[%clk 0:01:45]} 33. cxb5 {[%clk 0:06:17]} axb5
{[%clk 0:01:10]} 34. Bxb5 {[%clk 0:04:19]} Rb7 {[%clk 0:01:36]} 35. a4
{[%clk 0:02:51]} Ree7 {[%clk 0:01:13]} 36. Qxe7 {[%clk 0:01:36]} Rxe7
{[%clk 0:01:26]} 37. Bxc6 {[%clk 0:02:00]} Nxc6 {[%clk 0:01:54]} 38. Ra6
{[%clk 0:01:51]}  1-0

[Event "Summer Prague Open 2022 - A"]
[Site "Olympik hotel, Sokolovska 138, Praha"]
[Date "2022.08.09"]
[Round "6"]
[Board "21"]
[White "Nemeth, Zalan"]
[Black "Schletter, Felix"]
[Result "1-0"]
[WhiteElo "2245"]
[BlackElo "1975"]
[PlyCount "0"]
[EventDate "2022.08.05"]
[EventRounds "9"]
[EventCountry "CZE"]

1. c4 {[%clk 1:30:59]} c5 {[%clk 1:30:50]} 2. g3 {[%clk 1:31:25]} Nf6
{[%clk 1:31:13]} 3. Bg2 {[%clk 1:31:52]} d5 {[%clk 1:31:37]} 4. cxd5
{[%clk 1:32:19]} Nxd5 {[%clk 1:32:02]} 5. Nc3 {[%clk 1:32:47]} Nc7
{[%clk 1:32:22]} 6. Qa4+ {[%clk 1:33:14]} Bd7 {[%clk 1:28:38]} 7. Qb3
{[%clk 1:32:23]} Nc6 {[%clk 1:28:06]} 8. Qxb7 {[%clk 1:32:48]} Nd4
{[%clk 1:23:27]} 9. Qe4 {[%clk 1:32:49]} f6 {[%clk 1:16:40]} 10. Qb1
{[%clk 1:27:25]} Rb8 {[%clk 1:13:25]} 11. e3 {[%clk 1:24:47]} Nc6
{[%clk 1:11:55]} 12. Nge2 {[%clk 1:23:09]} e5 {[%clk 1:07:31]} 13. O-O
{[%clk 1:20:58]} Be7 {[%clk 1:07:04]} 14. Rd1 {[%clk 1:09:30]} Ne6
{[%clk 1:04:32]} 15. Nd5 {[%clk 0:58:42]} O-O {[%clk 1:01:47]} 16. b3
{[%clk 0:51:41]} Bd6 {[%clk 0:48:35]} 17. d3 {[%clk 0:45:21]} Ne7
{[%clk 0:42:58]} 18. Ba3 {[%clk 0:37:46]} Bb5 {[%clk 0:37:57]} 19. Nec3
{[%clk 0:36:59]} Be8 {[%clk 0:38:18]} 20. Qc2 {[%clk 0:34:23]} f5
{[%clk 0:34:02]} 21. f4 {[%clk 0:32:06]} g5 {[%clk 0:29:45]} 22. fxe5
{[%clk 0:29:01]} Bxe5 {[%clk 0:30:06]} 23. d4 {[%clk 0:28:03]} Bg7
{[%clk 0:28:40]} 24. dxc5 {[%clk 0:25:48]} Nxd5 {[%clk 0:28:33]} 25. Bxd5
{[%clk 0:25:04]} Qc8 {[%clk 0:27:22]} 26. Rac1 {[%clk 0:24:35]} f4
{[%clk 0:26:47]} 27. exf4 {[%clk 0:23:31]} gxf4 {[%clk 0:27:09]} 28. Qe4
{[%clk 0:22:23]} Bf7 {[%clk 0:27:19]} 29. Bxe6 {[%clk 0:17:05]} Bxe6
{[%clk 0:27:31]} 30. Rd6 {[%clk 0:16:01]} Bh3 {[%clk 0:26:51]} 31. Nd5
{[%clk 0:15:20]} Qg4 {[%clk 0:25:46]} 32. Nxf4 {[%clk 0:14:49]} Rbe8
{[%clk 0:24:17]} 33. Qc4+ {[%clk 0:14:22]} Kh8 {[%clk 0:24:41]} 34. Nxh3
{[%clk 0:13:39]} Qxh3 {[%clk 0:24:59]} 35. Rd2 {[%clk 0:13:01]} Re3
{[%clk 0:24:27]} 36. Rg2 {[%clk 0:12:21]} Ref3 {[%clk 0:24:33]} 37. c6
{[%clk 0:09:19]}  1-0

[Event "Summer Prague Open 2022 - A"]
[Site "Olympik hotel, Sokolovska 138, Praha"]
[Date "2022.08.09"]
[Round "6"]
[Board "22"]
[White "Salem, Ahmed Salem"]
[Black "Bruchmann, Stephan"]
[Result "1/2-1/2"]
[WhiteElo "2056"]
[BlackElo "2227"]
[PlyCount "0"]
[EventDate "2022.08.05"]
[EventRounds "9"]
[EventCountry "CZE"]

1. e4 {[%clk 1:29:07]} g6 {[%clk 1:28:59]} 2. d4 {[%clk 1:29:25]} Bg7
{[%clk 1:29:19]} 3. Nc3 {[%clk 1:29:42]} c6 {[%clk 1:29:42]} 4. Be3
{[%clk 1:27:56]} d5 {[%clk 1:26:34]} 5. f3 {[%clk 1:27:39]} Qb6 {[%clk 1:25:10]}
6. Qd2 {[%clk 1:15:56]} Qxb2 {[%clk 1:23:37]} 7. Rb1 {[%clk 1:15:45]} Qa3
{[%clk 1:23:57]} 8. exd5 {[%clk 1:13:50]} Nf6 {[%clk 1:24:21]} 9. Bc4
{[%clk 1:04:22]} O-O {[%clk 1:16:35]} 10. Nge2 {[%clk 0:52:46]} Nbd7
{[%clk 1:05:35]} 11. dxc6 {[%clk 0:51:14]} bxc6 {[%clk 1:05:56]} 12. O-O
{[%clk 0:49:08]} Nb6 {[%clk 1:05:07]} 13. Bb3 {[%clk 0:43:15]} Ba6
{[%clk 1:00:22]} 14. Bh6 {[%clk 0:34:35]} Rad8 {[%clk 0:43:14]} 15. Bxg7
{[%clk 0:34:27]} Kxg7 {[%clk 0:43:37]} 16. Qg5 {[%clk 0:28:48]} Nbd5
{[%clk 0:38:32]} 17. Rfd1 {[%clk 0:24:20]} Qa5 {[%clk 0:36:25]} 18. Qd2
{[%clk 0:14:50]} Qc7 {[%clk 0:28:54]} 19. Na4 {[%clk 0:10:53]} Rfe8
{[%clk 0:22:35]} 20. c4 {[%clk 0:08:46]} Nb6 {[%clk 0:21:29]} 21. Qa5
{[%clk 0:06:56]} Bc8 {[%clk 0:21:52]} 22. Bc2 {[%clk 0:04:04]} Na8
{[%clk 0:18:22]} 23. Qxc7 {[%clk 0:02:37]} Nxc7 {[%clk 0:18:43]} 24. Be4
{[%clk 0:03:05]} Nxe4 {[%clk 0:17:56]} 25. fxe4 {[%clk 0:03:33]} Bg4
{[%clk 0:18:24]} 26. Nac3 {[%clk 0:02:51]} Rb8 {[%clk 0:13:16]} 27. h3
{[%clk 0:02:43]} Bxe2 {[%clk 0:12:16]} 28. Nxe2 {[%clk 0:03:04]} f5
{[%clk 0:11:55]} 29. e5 {[%clk 0:02:42]} e6 {[%clk 0:12:10]} 30. Nc3
{[%clk 0:02:42]} Red8 {[%clk 0:11:42]} 31. Rxb8 {[%clk 0:01:22]} Rxb8
{[%clk 0:12:04]} 32. Rb1 {[%clk 0:01:51]} Rxb1+ {[%clk 0:08:55]} 33. Nxb1
{[%clk 0:02:20]} g5 {[%clk 0:09:02]} 34. Nd2 {[%clk 0:00:38]} Kg6
{[%clk 0:09:04]} 35. Nb3 {[%clk 0:00:33]} f4 {[%clk 0:08:02]} 36. Na5
{[%clk 0:00:33]} c5 {[%clk 0:08:22]} 37. dxc5 {[%clk 0:00:36]} Kf5
{[%clk 0:08:42]} 38. Nc6 {[%clk 0:01:01]} a6 {[%clk 0:08:47]} 39. Kf2
{[%clk 0:00:51]} Ke4 {[%clk 0:08:59]} 40. Ke2 {[%clk 0:00:52]} h5
{[%clk 0:08:50]} 41. a4 {[%clk 0:00:36]} g4 {[%clk 0:03:18]} 42. hxg4
{[%clk 0:27:16]} hxg4 {[%clk 0:33:37]} 43. a5 {[%clk 0:26:15]} f3+
{[%clk 0:19:49]} 44. gxf3+ {[%clk 0:26:07]} gxf3+ {[%clk 0:20:14]} 45. Kf2
{[%clk 0:26:02]} Kd3 {[%clk 0:20:27]} 46. Kxf3 {[%clk 0:20:24]} Kxc4
{[%clk 0:20:24]} 47. Ke4 {[%clk 0:20:28]} Kxc5 {[%clk 0:20:34]} 48. Nd8
{[%clk 0:20:49]} Kc4 {[%clk 0:19:46]} 49. Nb7 {[%clk 0:19:38]} Kc3
{[%clk 0:18:13]} 50. Nd8 {[%clk 0:19:17]} Kc4 {[%clk 0:15:33]} 51. Nb7
{[%clk 0:19:42]} Nd5 {[%clk 0:12:02]} 52. Nd6+ {[%clk 0:16:55]} Kc5
{[%clk 0:09:34]} 53. Nb7+ {[%clk 0:17:04]} Kc4 {[%clk 0:09:07]} 54. Nd6+
{[%clk 0:17:25]}  1/2-1/2